Erzeugergemeinschaften der Landwirtschaft in Ostdeutschland - Probleme, Erfahrungen und Chancen.
Poľnohospodárske podniky vo východnom Nemecku v podmienkach štruktúrnych zmien. Ich prispôsobovanie sa trhovému mechanizmu a konkurencii v európskych rozmeroch. Potreba podnikateľského štýlu myslenia manažmentu. Adaptácia na nové odbytové podmienky. Šance združení výrobcov a ich rôzne typy. Ekonomic...
Salvato in:
| Autore principale: | |
|---|---|
| Natura: | Capitolo di libro |
| Lingua: | tedesco |
| Soggetti: | |
| Tags: |
Nessun Tag, puoi essere il primo ad aggiungerne!!
|
MARC
| LEADER | 00000naa a2200000 4500 | ||
|---|---|---|---|
| 001 | r011935 | ||
| 005 | 20220826093057.2 | ||
| 041 | 0 | |a ger | |
| 044 | |a DE | ||
| 245 | 1 | 0 | |a Erzeugergemeinschaften der Landwirtschaft in Ostdeutschland - Probleme, Erfahrungen und Chancen. |c E. Rössler |
| 520 | |a Poľnohospodárske podniky vo východnom Nemecku v podmienkach štruktúrnych zmien. Ich prispôsobovanie sa trhovému mechanizmu a konkurencii v európskych rozmeroch. Potreba podnikateľského štýlu myslenia manažmentu. Adaptácia na nové odbytové podmienky. Šance združení výrobcov a ich rôzne typy. Ekonomické prednosti združení. | ||
| 610 | 2 | 0 | |a podnik poľnohospodársky |
| 610 | 2 | 0 | |a východné Nemecko |
| 610 | 2 | 0 | |a združenia |
| 610 | 2 | 0 | |a mechanizmus trhový |
| 610 | 2 | 0 | |a podnikanie |
| 610 | 2 | 0 | |a družstvá poľnohospodárske |
| 100 | 1 | |a Rössler, E. | |